000 00689cam a2200145 4500500
005 20260111085648.0
041 _afre
042 _adc
100 1 0 _aSalin, Dominique
_eauthor
245 0 0 _aAnne et Claude Langlois, Fallait-il canoniser Thérèse de Lisieux ?, Entre durables objections et plaidoyer de Benoît XV (1914-1921). Laboratoire de recherche historique Rhône-Alpes, « Chrétiens et sociétés. Documents et mémoires », n° 52, 2024, 164 pages, 18 €.
260 _c2024.
500 _a22
786 0 _nÉtudes | Jui | 6 | 2024-05-24 | p. 119zl-144zl | 0014-1941
856 4 1 _uhttps://shs.cairn.info/revue-etudes-2024-6-page-119zl?lang=fr&redirect-ssocas=7080
999 _c1618471
_d1618471